Statistics for Largest Cities in Indiana A-Z

Click here to take the quiz!

General Stats

  • This quiz has been taken 24 times
  • The average score is 14 of 24

Answer Stats

Letter Population Municipality % Correct
I855,164Indianapolis
100%
F264,488Fort Wayne
89%
E119,477Evansville
84%
M69,010Muncie
79%
B84,465Bloomington
79%
C91,065Carmel
79%
G76,424Gary
79%
S101,735South Bend
79%
T60,852Terre Haute
74%
Z26,784Zionsville
74%
H77,134Hammond
74%
L71,782Lafayette
68%
A55,130Anderson
68%
K57,799Kokomo
63%
N60,183Noblesville
63%
R35,664Richmond
53%
J47,124Jeffersonville
42%
W45,872West Lafayette
37%
P36,505Portage
26%
U3,781Upland
26%
V33,104Valparaiso
26%
Y11,210Yorktown
26%
O3,353Ossian
16%
D15,941Dyer
16%

Score Distribution

Percentile by Number Answered

Percent of People with Each Score

Your Score History

You have not taken this quiz